000 00673nam a2200241 a 4500
008
020 _a0131271474 (pbk.)
049 _aMAIN
090 _aTA352HIB
100 _aHibbeler,R. C.
245 0 _aPractice Problems workbook :
_bengineering mechanics dynamics /
_cR.C.Hibbeler
250 _a3rd ed.
260 _aSingapore :
_cPrentice Hall,
_c2004
300 _axi, 126 p.
_bill. ;
_c27 cm.
500 _aIncludes index.
650 _aDynamics.
650 _aMechanics, Applied.
907 _a.b10212486
_b01-06-07
_c30-08-06
003
005 20230123134240.0
040 _cNUST
942 _cBOOKS
_kTA352HIB
999 _c162612
_d162612